| 000 | 007280000a22002290004500 | ||
|---|---|---|---|
| 003 | LK-CoMWRAF | ||
| 005 | 20231206115236.0 | ||
| 008 | 230817t1999 ||||| |||| 00| 0 eng d | ||
| 020 | _a0850925991 | ||
| 040 |
_aLK-CoMWRAF _dLK-CoMWRAF _eLK-CoMWRAF |
||
| 041 | _aeng | ||
| 082 |
_a371.822 _bLEO |
||
| 100 | _aLeo-Rhynie, Elsa | ||
| 110 | _aUniversity of Cape Town, Institute of Development and Labour Law | ||
| 245 | _aA Quick Guide to Gender Mainstreaming in Education | ||
| 260 |
_aLondon: _bCommonwealth Secretariat, _c1999 |
||
| 300 |
_a58 p. _bBibliography included |
||
| 650 | _aGENDER MAINSTREAMING | ||
| 650 | _aSex discrimination in education | ||
| 650 | _aWomen in education-Developing countries | ||
| 942 | _cBK | ||
| 999 |
_c262 _d262 |
||